Sports Quiz

Random Sports or Baseball Quiz

MLB 30 HR Seasons (1990s) Quiz Stats

 Plays Quiz Updated Oct 12, 2016

Challenge
Share
Tweet
Embed
Score 0/239 Timer 20:00
1 Play Today
HR Player % Correct
66Sammy Sosa
98.4%
63Sammy Sosa
98.4%
40Sammy Sosa
98.4%
36Sammy Sosa
98.3%
36Sammy Sosa
98.3%
33Sammy Sosa
98.3%
70Mark McGwire
97.6%
65Mark McGwire
97.6%
58Mark McGwire
97.6%
52Mark McGwire
97.6%
42Mark McGwire
97.6%
39Mark McGwire
97.6%
39Mark McGwire
97.6%
56Ken Griffey
96.8%
56Ken Griffey
96.8%
49Ken Griffey
96.8%
48Ken Griffey
96.8%
45Ken Griffey
96.8%
40Ken Griffey
96.8%
46Barry Bonds
93.8%
42Barry Bonds
93.8%
40Barry Bonds
93.8%
37Barry Bonds
93.8%
37Barry Bonds
93.8%
34Barry Bonds
93.8%
34Barry Bonds
93.8%
33Barry Bonds
93.8%
33Barry Bonds
93.8%
42Alex Rodriguez
90.4%
42Alex Rodriguez
90.4%
36Alex Rodriguez
90.4%
35Ivan Rodriguez
90%
36Henry Rodriguez
89.8%
31Henry Rodriguez
89.8%
45Chipper Jones
89.1%
34Chipper Jones
89.1%
30Chipper Jones
89.1%
31Andruw Jones
88.8%
51Cecil Fielder
88.2%
44Cecil Fielder
88.2%
39Cecil Fielder
88.2%
35Cecil Fielder
88.2%
31Cecil Fielder
88.2%
30Cecil Fielder
88.2%
47Juan Gonzalez
87.3%
46Juan Gonzalez
87.3%
45Juan Gonzalez
87.3%
43Juan Gonzalez
87.3%
42Juan Gonzalez
87.3%
39Juan Gonzalez
87.3%
41Frank Thomas
86.6%
40Frank Thomas
86.6%
40Frank Thomas
86.6%
38Frank Thomas
86.6%
35Frank Thomas
86.6%
32Frank Thomas
86.6%
49Larry Walker
85.8%
37Larry Walker
85.8%
36Larry Walker
85.8%
43Jeff Bagwell
85%
42Jeff Bagwell
85%
39Jeff Bagwell
85%
34Jeff Bagwell
85%
31Jeff Bagwell
85%
46Jose Canseco
84.3%
44Jose Canseco
84.3%
37Jose Canseco
84.3%
34Jose Canseco
84.3%
31Jose Canseco
84.3%
50Albert Belle
83.6%
49Albert Belle
83.6%
48Albert Belle
83.6%
38Albert Belle
83.6%
37Albert Belle
83.6%
36Albert Belle
83.6%
34Albert Belle
83.6%
30Albert Belle
83.6%
40Jim Thome
83.5%
38Jim Thome
83.5%
33Jim Thome
83.5%
HR Player % Correct
30Jim Thome
83.5%
50Brady Anderson
83.1%
45Manny Ramirez
82.6%
44Manny Ramirez
82.6%
33Manny Ramirez
82.6%
31Manny Ramirez
82.6%
40Mike Piazza
79.6%
40Mike Piazza
79.6%
36Mike Piazza
79.6%
35Mike Piazza
79.6%
32Mike Piazza
79.6%
32Mike Piazza
79.6%
47Rafael Palmeiro
79.4%
43Rafael Palmeiro
79.4%
39Rafael Palmeiro
79.4%
39Rafael Palmeiro
79.4%
38Rafael Palmeiro
79.4%
37Rafael Palmeiro
79.4%
38Jay Bell
79%
44Tino Martinez
78.4%
31Tino Martinez
78.4%
35Todd Helton
77.7%
43Matt Williams
77.6%
38Matt Williams
77.6%
35Matt Williams
77.6%
34Matt Williams
77.6%
33Matt Williams
77.6%
32Matt Williams
77.6%
44Mo Vaughn
76.2%
40Mo Vaughn
76.2%
39Mo Vaughn
76.2%
35Mo Vaughn
76.2%
33Mo Vaughn
76.2%
50Greg Vaughn
76.1%
45Greg Vaughn
76.1%
41Greg Vaughn
76.1%
30Greg Vaughn
76.1%
42Vladimir Guerrero
74.8%
38Vladimir Guerrero
74.8%
34Joe Carter
73%
33Joe Carter
73%
33Joe Carter
73%
30Joe Carter
73%
44Jay Buhner
72.8%
40Jay Buhner
72.8%
40Jay Buhner
72.8%
47Andres Galarraga
71.9%
44Andres Galarraga
71.9%
41Andres Galarraga
71.9%
31Andres Galarraga
71.9%
31Andres Galarraga
71.9%
37Fred McGriff
71.5%
35Fred McGriff
71.5%
35Fred McGriff
71.5%
34Fred McGriff
71.5%
32Fred McGriff
71.5%
31Fred McGriff
71.5%
44Carlos Delgado
71.2%
38Carlos Delgado
71.2%
30Carlos Delgado
71.2%
34Cal Ripken
70.9%
40Dante Bichette
70.3%
34Dante Bichette
70.3%
31Dante Bichette
70.3%
33Jason Giambi
68.8%
42Gary Sheffield
68%
34Gary Sheffield
68%
33Gary Sheffield
68%
38Howard Johnson
66%
40Ken Caminiti
65%
37Darryl Strawberry
62.8%
40David Justice
62.5%
33David Justice
62.5%
46Vinny Castilla
62.2%
40Vinny Castilla
62.2%
40Vinny Castilla
62.2%
33Vinny Castilla
62.2%
32Vinny Castilla
62.2%
42Shawn Green
61.9%
35Shawn Green
61.9%
HR Player % Correct
31Jeff Kent
61.7%
34Bobby Bonilla
58.9%
32Bobby Bonilla
58.9%
40Ryne Sandberg
56.7%
34Tim Salmon
54%
33Tim Salmon
54%
31Tim Salmon
54%
30Tim Salmon
54%
34Tony Clark
53.2%
32Tony Clark
53.2%
31Tony Clark
53.2%
33Jim Edmonds
50.3%
35Nomar Garciaparra
49%
30Nomar Garciaparra
49%
30Chili Davis
47.8%
31Andre Dawson
47.6%
35Kevin Mitchell
47.4%
30Kevin Mitchell
47.4%
31Richie Sexson
46.4%
36Ron Gant
45.8%
32Ron Gant
45.8%
32Ron Gant
45.8%
30Ron Gant
45.8%
40Ellis Burks
45.6%
32Ellis Burks
45.6%
31Ellis Burks
45.6%
33Barry Larkin
44.5%
34Javy Lopez
43.9%
38Moises Alou
43.5%
34Eric Karros
41%
34Eric Karros
41%
32Eric Karros
41%
31Eric Karros
41%
39Brian Giles
40.2%
38Dean Palmer
40%
38Dean Palmer
40%
34Dean Palmer
40%
33Dean Palmer
40%
41Todd Hundley
38.4%
30Todd Hundley
38.4%
31Scott Rolen
36.7%
33Raul Mondesi
36.2%
30Raul Mondesi
36.2%
30Raul Mondesi
36.2%
34Robin Ventura
35.5%
32Robin Ventura
35.5%
34Ryan Klesko
34.2%
38Jeromy Burnitz
33.2%
33Jeromy Burnitz
33.2%
30Magglio Ordonez
31.9%
34Steve Finley
31.4%
30Steve Finley
31.4%
32Mickey Tettleton
30.5%
32Mickey Tettleton
30.5%
32Mickey Tettleton
30.5%
31Mickey Tettleton
30.5%
31Ray Lankford
29.2%
31Ray Lankford
29.2%
31Danny Tartabull
26.8%
31Danny Tartabull
26.8%
31Tony Batista
26.4%
32Rob Deer
24.3%
35Gary Gaetti
24.3%
38Matt Stairs
23.1%
35Terry Steinbach
21.6%
31Kelly Gruber
21.3%
30Jeff King
21.2%
35John Jaha
18.7%
34John Jaha
18.7%
30Benito Santiago
17.7%
31Todd Zeile
17%
30Bernard Gilkey
16.3%
34Fernando Tatis
16.2%
31Mike LieŠ¬erthal
15.3%
31Paul Sorrento
13.8%
36Ed Sprague
13.6%
36Geronimo Berroa
12.4%
34Phil Plantier
10.5%
30Rick Wilkins
10.2%

You're not logged in!

Compare scores with friends on all Sporcle quizzes.
OR
Log In

You Might Also Like...

Show Comments

Extras

Top Quizzes Today


Score Distribution

Your Account Isn't Verified!

In order to create a playlist on Sporcle, you need to verify the email address you used during registration. Go to your Sporcle Settings to finish the process.

Report this User

Report this user for behavior that violates our Community Guidelines.

Details: